| 000 | 01596nam a22004217a 4500 | ||
|---|---|---|---|
| 003 | DO-SdBNP | ||
| 005 | 20260330104332.0 | ||
| 007 | ta | ||
| 008 | 211115b2017 a|||e |||| 001 0dspa d | ||
| 020 | _a9789945580471 | ||
| 040 |
_aDO-SdBNP _bspa _cBNPHU |
||
| 082 | 4 |
_222 _a323.65 _bH557o |
|
| 100 | 1 | 0 |
_aHernández, Pedro Pablo _910463 |
| 245 | 1 | 0 |
_aLas obligaciones / _cPedro Pablo Hernández ; Lennys Tejada Betancourt |
| 250 | _a2da. | ||
| 260 |
_aSantiago de los Caballeros, Rep. Dom. : _bUAPA, _c2017. |
||
| 300 |
_a300 p. : _bil.; _c27 cm. |
||
| 490 |
_aAutoaprendizaje ; _vv.6 |
||
| 504 | _aBibliografía : p. 297-300. | ||
| 505 | _aUnidad I. La obligacion. | ||
| 505 | _aUnidad II. El acto jurídico y su clasificación. | ||
| 505 | _aUnidad III. Requisitos del contrato y las nulidades. | ||
| 505 | _aUnidad IV. Efecto del contrato y efecto del vínculo crediticio. | ||
| 505 | _aUnidad V. Extinción del crédito. | ||
| 505 | _aUnidad VI. Interpretación de los contratos y pruebas de las obligaciones. | ||
| 505 | _aUnidad VII. Los cuasicontratos y el cumplimiento de las obligaciones. | ||
| 505 | _aUnidad VIII. La contraescritura y simulación. | ||
| 590 | _aInventariado, 2021 / SA | ||
| 650 | 4 | 0 |
_aObligaciones (Derecho) _921560 |
| 650 | 4 | 0 |
_aActos ilícitos _980630 |
| 650 | 4 | 0 |
_aActos ilícitos _980630 |
| 650 | 4 | 0 |
_aObligaciones (Derecho) _xContratos _980631 |
| 650 | 4 | 0 |
_aContratos _940217 |
| 700 | 1 |
_aTejada Betancourt, Lennys _eeditor _979591 |
|
| 700 | 1 |
_aHernández, Luisa _eCorrección y estilo _966105 |
|
| 910 | _aSaquino | ||
| 942 |
_2ddc _cLBS1 |
||
| 999 |
_c50964 _d50964 |
||